000 00701nam a2200229 a 4500
001 14232
003 BD-JhCC
005 20250222094043.0
008 171116s20042010bg |||| ||a| 000 0 ben d
020 _a9843211007
035 _a(BD-JhCC)14232
040 _aBD-JhCC
_dBD-JhCC
041 _aben
082 _a891.4435
_bSHA 2010
100 _a শাহেদ, হোসনে আরা
245 _aনারীর মূল্য /
_cহোসনে আরা শাহেদ
260 _aঢাকা :
_bরহমান জাগরী প্রকাশন;
_c২০১০.
300 _a95 p.;
_c22 cm.
650 _aBengali short stories
942 _2ddc
_cBK
999 _c14232
_d14232